000 01073cab a2200325 4500
001 ABS48068
008 090401t1993 xxu||||| |||| 00| 0 eng d
035 _a(Sirsi) u64779
041 _aeng
100 _aBrett, M.
245 _aProperty and money
260 _c1993
350 _a0
490 _aEstates Gazette
_v(9307) 20 February 1993, 34(1)
520 _aRecession is forcing reconsideration of previously accepted practice in the property industry. This article proposes changes to the traditional commercial property lease, arguing that it contains aspects damaging to the market and the wider economy.
650 _a25-YEAR LEASES
650 _aCONFIDENTIALITY CLAUSES
650 _aLEASE REFORM
650 _aLEASE TERMS
650 _aLEASES
650 _aPRIVITY OF CONTRACT
650 _aPROPERTY CYCLES
650 _aRENT REVIEWS
650 _aUPWARD ONLY RENT REVIEWS
690 _aPROPERTY-COMMERCIAL PROPERTY
690 _aFINANCE AND INVESTMENT
690 _aPROPERTY-LANDLORD AND TENANT
942 _n0
948 _c04/03/1997
999 _c40360
_d40360